00409nam a2200157Ia 45000010006000000050017000060080041000230410008000640820013000721000041000852450072001262600009001983000028002076500008002356540008002432357120260414150946.0260414t2010||||xx |||||||||||||| ||spa|| aESP a670bG88 aGuevara Melo, Eduardo SerafíneAUT 0aDiseño industrial :bconceptos para la construcción de la forma c2010 a235 páginas :c28 cm. aTCA aCII